| 000 | 00401nam a2200121 a 4500 | ||
|---|---|---|---|
| 008 | 120416s1967 xx |||||||||||||| || u | ||
| 050 | _aNA 9050 Bac | ||
| 100 | _aBacon, Edmund N | ||
| 245 | 1 | 0 | _aDesign of cities |
| 260 | _c1967 | ||
| 350 | _a0.00 | ||
| 995 |
_D0.00 _FCBU-MAIN LIBRARY (Kitwe) _H1 _I0.00 _UAVAILABLE _ZAnnex Low-Usage Collection |
||
| 999 |
_c39721 _d39721 |
||